Т. 48, № 4; Геология рудных месторождений; Геомагнетизм, пульсации Земли и минерагения фанерозоя; Геохимия изотопов (О, С, S, Sr) и Rb-Sr-возраст карбонатитов Центральной Тувы; Фтор-бериллиевые месторождения Витимского плоскогорья: минеральные типы, условия локализации, магматизм, возраст (Западное Забайкалье); Партизанское скарново-полиметаллическое месторождение (Дальнегорский рудный район, Россия): этапы рудообразования, минеральные ассоциации и типоморфизм блеклых руд; Сорбция катионов тяжелых металлов низкотемпературными отложениями гидротермальных полей Тихого океана; Микровключения в алмазах октаэдрического габитуса из кимберлитов провинции Шанду Восточного Китая
| Parent link: | Геология рудных месторождений: научный журнал/ Российская академия наук (РАН). Т. 48, № 4.— , 1959-.— 0016-7770 |
|---|---|
| 言語: | ロシア語 |
| 出版事項: |
2006
|
| TOC: | В. А. Стромов, Геомагнетизм, пульсации Земли и минерагения фанерозоя; А. В. Никифоров [и др.], Геохимия изотопов (О, С, S, Sr) и Rb-Sr-возраст карбонатитов Центральной Тувы; К. Б. Булнаев, Фтор-бериллиевые месторождения Витимского плоскогорья: минеральные типы, условия локализации, магматизм, возраст (Западное Забайкалье); Л. Ф. Симаненко, Партизанское скарново-полиметаллическое месторождение (Дальнегорский рудный район, Россия): этапы рудообразования, минеральные ассоциации и типоморфизм блеклых руд; Г. В. Новиков, И. В. Викентьев, О. Ю. Богданова, Сорбция катионов тяжелых металлов низкотемпературными отложениями гидротермальных полей Тихого океана; А. И. Горшков [и др.], Микровключения в алмазах октаэдрического габитуса из кимберлитов провинции Шанду Восточного Китая; |
| フォーマット: | MixedMaterials 図書 |
| KOHA link: | https://koha.lib.tpu.ru/cgi-bin/koha/opac-detail.pl?biblionumber=410284 |
MARC
| LEADER | 00000nam2a2200000 4500 | ||
|---|---|---|---|
| 001 | 410284 | ||
| 005 | 20231101071317.0 | ||
| 035 | |a (RuTPU)RU\TPU\prd\64194 | ||
| 035 | |a RU\TPU\prd\46515 | ||
| 090 | |a 410284 | ||
| 100 | |a 20090317a19599999k y0rusy50 ca | ||
| 101 | 0 | |a rus | |
| 102 | |a RU | ||
| 200 | 0 | |a Т. 48, № 4 | |
| 210 | |d 2006 | ||
| 461 | 1 | |0 (RuTPU)RU\TPU\prd\127 |x 0016-7770 |t Геология рудных месторождений |o научный журнал |f Российская академия наук (РАН) |v Т. 48, № 4 |d 1959- | |
| 464 | |t Геомагнетизм, пульсации Земли и минерагения фанерозоя |f В. А. Стромов | ||
| 464 | |t Геохимия изотопов (О, С, S, Sr) и Rb-Sr-возраст карбонатитов Центральной Тувы |f А. В. Никифоров [и др.] | ||
| 464 | |t Фтор-бериллиевые месторождения Витимского плоскогорья: минеральные типы, условия локализации, магматизм, возраст (Западное Забайкалье) |f К. Б. Булнаев | ||
| 464 | |t Партизанское скарново-полиметаллическое месторождение (Дальнегорский рудный район, Россия): этапы рудообразования, минеральные ассоциации и типоморфизм блеклых руд |f Л. Ф. Симаненко | ||
| 464 | |t Сорбция катионов тяжелых металлов низкотемпературными отложениями гидротермальных полей Тихого океана |f Г. В. Новиков, И. В. Викентьев, О. Ю. Богданова | ||
| 464 | |t Микровключения в алмазах октаэдрического габитуса из кимберлитов провинции Шанду Восточного Китая |f А. И. Горшков [и др.] | ||
| 801 | 0 | |a RU |b 63413507 |c 20010227 |g PSBO | |
| 801 | 1 | |a RU |b 63413507 |c 20060928 |g PSBO | |
| 801 | 2 | |a RU |b 63413507 |c 20201215 |g PSBO | |
| 942 | |c BK | ||
| 999 | |a НТБ_ТПУ |b НФ |e -1/20060110 |p П-6557 |s 2/20060420 |u 652,27 |v 1 | ||